00556cam a2200145 a 4500008004100000100002700041245009900068260010100167300002500268504004100293650004900334003000100383005001700384040000900401 1 aWasswa-Matovu, Joseph.10aEffects of transaction costs on community forest management in Uganda /cJoseph Wasswa-Matovu. a[Addis Ababa] :bOrganisation For Social Science Research in Eastern and Southern Africa,c2010. axii, 78 p. ;c23 cm. aIncludes bibliographical references. 0aForest managementxEconomic aspectszUganda.20230123122002.0 cNUST